[Event "Challenge"]
[Site "http://www.queenalice.com/game.php?id=1401433"]
[Date "2015.12.30"]
[Round "-"]
[White "REIDID93"]
[Black "Canaye"]
[Result "0-1"]
[WhiteElo "1993"]
[BlackElo "1992"]

1. e4 e6 2. d4 d5 3. e5 c5 4. c3 Nc6 5. a3 cxd4 6. cxd4 a6 7. b4 b5 8. f4 Qb6 9.
Nf3 Nh6 10. Qd3 Nf5 11. Nc3 Ncxd4 12. Nxd4 Nxd4 13. Bb2 Be7 14. Ne2 Nxe2 15.
Bxe2 O-O 16. h4 Bb7 17. Bd4 Qd8 18. Qh3 a5 19. Kf2 axb4 20. axb4 Bxb4 21. Bxb5
Rxa1 22. Rxa1 Qc7 23. Bd3 Bc5 24. Qe3 Bxd4 25. Qxd4 Rc8 26. f5 Qc5 27. Ke3 Qxd4+
28. Kxd4 exf5 29. Bxf5 Rc4+ 30. Ke3 g6 31. Bb1 Rxh4 32. Ra7 Bc6 33. Ba2 Rg4 34.
Rc7 d4+ 35. Kd3 Be4+ 36. Kc4 Bxg2 37. e6 fxe6 38. Kd3 Bf1+ 39. Kc2 Rg2+ 40. Kb1
Re2 41. Rc1 Bh3 42. Rd1 Kf7 43. Rxd4 Bf5+ 44. Ka1 h5 45. Bc4 Re4 46. Rd7+ Kf6
47. Bb5 Rb4 48. Bc6 g5 49. Rd1 h4 0-1

[Event "Challenge"]
[Site "http://www.queenalice.com/game.php?id=1401434"]
[Date "2015.12.30"]
[Round "-"]
[White "REIDID93"]
[Black "Canaye"]
[Result "1-0"]
[WhiteElo "1978"]
[BlackElo "1944"]

1. e4 e6 2. d4 d5 3. e5 c5 4. a3 Nc6 5. Nf3 cxd4 6. b4 Qb6 7. Bd3 Bd7 8. O-O h5
9. Nbd2 Nh6 10. Nb3 Bxb4 11. axb4 Nxb4 12. Ba3 Nxd3 13. cxd3 Ba4 14. Rb1 Qd8 15.
Qd2 Bxb3 16. Rxb3 Rb8 17. Bd6 Nf5 18. Bxb8 Qxb8 19. Rfb1 b6 20. Qb4 h4 21. Rc1
h3 22. g3 g5 23. Nxd4 Qxe5 24. Nc6 Qe2 25. d4 Qe4 26. f3 Qe2 27. Rb2 Qxf3 28.
Rf1 Qe3+ 29. Rbf2 g4 30. Re1 Qg5 31. Nxa7 Ne7 32. Nb5 O-O 33. Rf4 Nc6 34. Qd6
Na5 35. Rxe6 Nc4 36. Qb4 Ra8 37. Re1 Qg6 38. Qe7 Nd2 39. Nd6 Nf3+ 40. Kf1 Qd3+
41. Re2 Nxh2+ 42. Kf2 Qg6 43. Rxf7 Kh8 44. Rf8+ Rxf8+ 45. Qxf8+ Kh7 46. Re7+ 1-0

[Event "Challenge"]
[Site "http://www.queenalice.com/game.php?id=1409837"]
[Date "2016.2.18"]
[Round "-"]
[White "Canaye"]
[Black "REIDID93"]
[Result "1/2-1/2"]
[WhiteElo "1867"]
[BlackElo "1855"]

1. d4 Nf6 2. c4 e6 3. Nc3 d5 4. cxd5 exd5 5. Bg5 c6 6. e4 dxe4 7. Nxe4 Be7 8.
Nxf6+ Bxf6 9. Bxf6 Qxf6 10. Bc4 O-O 11. Ne2 Bg4 12. O-O Nd7 13. h3 Bh5 14. Qd2
Rad8 15. Qc3 Nb6 16. Ng3 Bg6 17. Rad1 Nd5 18. Qb3 Rd7 19. Rfe1 Rfd8 20. Ne4 Bxe4
21. Rxe4 Ne7 22. d5 b5 23. Be2 Nxd5 24. Bxb5 cxb5 25. Rxd5 Rxd5 26. Qxd5 a6 27.
Qb3 g6 28. Re3 Kg7 29. Qa3 1/2-1/2

[Event "Challenge"]
[Site "http://www.queenalice.com/game.php?id=1409838"]
[Date "2016.2.18"]
[Round "-"]
[White "REIDID93"]
[Black "Canaye"]
[Result "1/2-1/2"]
[WhiteElo "1883"]
[BlackElo "1878"]

1. d4 e6 2. e4 d5 3. exd5 Qxd5 4. a3 c5 5. Nf3 cxd4 6. Qxd4 Nc6 7. Qxd5 exd5 8.
Be2 Bc5 9. Nc3 Nge7 10. Bg5 O-O 11. O-O f6 12. Bh4 Bf5 13. Rac1 Rad8 14. Rfd1 a6
15. Bd3 g5 16. Bg3 b5 17. b4 Bxd3 18. Rxd3 Ba7 19. Rcd1 d4 20. Ne4 Nf5 21. Nc5
Bxc5 22. bxc5 Nxg3 23. hxg3 Rfe8 24. Nxd4 Nxd4 25. Rxd4 Rxd4 26. Rxd4 Re1+ 27.
Kh2 Re2 28. f4 Rxc2 29. Rd6 Rxc5 30. Rxa6 Kg7 31. Kh3 Kg6 32. a4 b4 33. Rb6 Rc4
34. Kg4 h5+ 35. Kf3 g4+ 36. Kf2 Rc2+ 37. Kg1 Rb2 38. a5 Ra2 39. Rxb4 Rxa5 40.
Rb2 Kf5 41. Kf2 Rd5 42. Ke3 Rc5 43. Rd2 Rc3+ 44. Rd3 Rxd3+ 45. Kxd3 Ke6 46. Kd4
f5 47. Kc5 Ke7 48. Kc6 Ke6 1/2-1/2

[Event "AUTO-ADV-3596"]
[Site "http://www.queenalice.com/game.php?id=1410879"]
[Date "2016.2.24"]
[Round "1"]
[White "Jackzapo"]
[Black "REIDID93"]
[Result "1-0"]
[WhiteElo "1993"]
[BlackElo "1879"]

1. e4 c5 2. Nf3 Nc6 3. Nc3 g6 4. d4 cxd4 5. Nxd4 Bg7 6. Be3 d6 7. Be2 Nf6 8. Nb3
Bd7 9. f4 Qc8 10. O-O O-O 11. Bf3 Ng4 12. Bd2 Nd4 13. Nxd4 Qc5 14. Bxg4 Bxd4+
15. Kh1 Bxg4 16. Qxg4 f5 17. exf5 Rxf5 18. a3 Raf8 19. Rae1 e5 20. Qe2 a6 21.
fxe5 dxe5 22. Rxf5 Rxf5 23. Rf1 b5 24. Rxf5 gxf5 25. Bh6 Bxc3 26. bxc3 Qxc3 27.
h3 e4 28. Qh5 Qc8 29. Qg5+ Kf7 30. Qg7+ Ke6 31. c3 Qc5 32. Qg8+ Ke5 33. Bg7+ Kf4
34. Bh6+ Ke5 35. Qg7+ Ke6 36. Qg8+ Ke5 37. Bg7+ Kf4 38. Qxh7 Qxa3 39. Bh6+ Ke5
40. Qg7+ Ke6 41. Qg6+ Ke5 42. Bg7+ Kf4 43. Qh6+ Kg3 44. Qg5+ Kf2 45. Qxf5+ Ke3
46. Bd4+ Kd3 47. h4 Qc1+ 48. Kh2 Qh6 49. Qg5 Qd6+ 50. g3 Qe6 51. Qe3+ Kc4 52. h5
Qg4 53. h6 Qh5+ 54. Kg2 Qf5 55. Qf4 Qh5 56. g4 Qg6 57. g5 a5 58. Qf1+ Kb3 59.
Qxb5+ Kc2 60. Qxa5 Qc6 61. Kg3 Qd6+ 62. Kf2 Qh2+ 63. Ke3 Qg2 64. Qa2+ 1-0

[Event "AUTO-ADV-3596"]
[Site "http://www.queenalice.com/game.php?id=1410880"]
[Date "2016.2.24"]
[Round "1"]
[White "REIDID93"]
[Black "Jackzapo"]
[Result "0-1"]
[WhiteElo "1876"]
[BlackElo "1975"]

1. c4 g6 2. Nc3 Bg7 3. d4 Nf6 4. e4 d6 5. f3 O-O 6. Be3 Nbd7 7. Be2 c6 8. Qd2
Qc7 9. g4 b6 10. h4 e5 11. h5 Bb7 12. hxg6 fxg6 13. Bh6 exd4 14. Qxd4 c5 15. Qd2
Ne5 16. O-O-O Bxh6 17. f4 Nexg4 18. Bxg4 Nxg4 19. Nf3 Bxf4 20. Qxf4 Rxf4 21. Ng5
Ne3 22. Rde1 Nxc4 23. Ne6 Qf7 24. Nxf4 Qxf4+ 25. Kb1 Qd2 26. Re2 Qxe2 27. Nxe2
Bxe4+ 0-1

[Event "AUTO-ADV-3596"]
[Site "http://www.queenalice.com/game.php?id=1410895"]
[Date "2016.2.24"]
[Round "1"]
[White "chessman"]
[Black "REIDID93"]
[Result "0-1"]
[WhiteElo "1980"]
[BlackElo "1855"]

1. e4 c5 2. Nf3 Nc6 3. d4 cxd4 4. Nxd4 Nf6 5. Nc3 g6 6. Be3 Bg7 7. a4 a6 8. Be2
O-O 9. f3 d6 10. O-O Bd7 11. Kh1 Rc8 12. g4 Ne5 13. g5 Ne8 14. f4 Nc4 15. Bxc4
Rxc4 16. Qd2 Nc7 17. b3 Rc5 18. Rad1 Qc8 19. Nce2 Bg4 20. c4 Bxd4 21. Bxd4 Rc6
22. Qe3 Ne6 23. Rc1 Bxe2 0-1

[Event "AUTO-ADV-3596"]
[Site "http://www.queenalice.com/game.php?id=1410896"]
[Date "2016.2.24"]
[Round "1"]
[White "REIDID93"]
[Black "chessman"]
[Result "1-0"]
[WhiteElo "1864"]
[BlackElo "1940"]

1. c4 c6 2. Nc3 d5 3. cxd5 cxd5 4. Nf3 e6 5. d4 Nc6 6. a3 Nf6 7. Bg5 Be7 8. e3
O-O 9. Bd3 a6 10. O-O Re8 11. Rc1 h6 12. Bh4 Bd6 13. e4 dxe4 14. Nxe4 Be7 15.
Nxf6+ Bxf6 16. Bxf6 Qxf6 17. Be4 Bd7 18. Re1 Qe7 19. d5 exd5 20. Bh7+ Kxh7 21.
Rxe7 Nxe7 22. h3 Be6 23. Rc7 b5 24. Qd3+ Kg8 25. Nd4 Rac8 26. Rxc8 Rxc8 27. f4
Bd7 28. f5 Kf8 29. f6 gxf6 30. Qh7 Ng8 31. b4 Ke7 32. Nb3 Rc3 33. Nc5 1-0

[Event "AUTO-ADV-3596"]
[Site "http://www.queenalice.com/game.php?id=1410907"]
[Date "2016.2.24"]
[Round "1"]
[White "REIDID93"]
[Black "Kingkila"]
[Result "0-1"]
[WhiteElo "1883"]
[BlackElo "1850"]

1. c4 e5 2. Nc3 Bc5 3. e3 d6 4. d4 exd4 5. exd4 Bb4 6. Qc2 Ne7 7. Bd3 Nbc6 8.
Be3 Nf5 9. Bxf5 Ne7 10. Bxc8 Qxc8 11. Ne2 Qg4 12. O-O Bxc3 13. Nxc3 O-O 14. Nb5
Nf5 15. Nxc7 Rac8 16. Nd5 Rfe8 17. Rad1 Re6 18. h3 Qg6 19. Nf4 Nxe3 20. fxe3
Qxc2 21. Nxe6 fxe6 22. c5 d5 23. Rb1 Qd3 24. Rfe1 a5 25. Rbd1 Qc2 26. Rb1 Rf8
27. Rec1 Qf2+ 28. Kh1 Qxe3 29. Re1 Qxd4 30. Rxe6 Qxc5 31. Rd1 a4 32. Re5 Qc2 33.
Rexd5 Qxb2 34. R1d2 Qc3 0-1

[Event "AUTO-ADV-3596"]
[Site "http://www.queenalice.com/game.php?id=1410908"]
[Date "2016.2.24"]
[Round "1"]
[White "Kingkila"]
[Black "REIDID93"]
[Result "1-0"]
[WhiteElo "1891"]
[BlackElo "1877"]

1. e4 c5 2. Bc4 e6 3. e5 Nc6 4. Nf3 d5 5. Bb5 Ne7 6. d4 a6 7. Bxc6+ Nxc6 8. c3
b5 9. Bg5 Be7 10. Qd2 cxd4 11. Bxe7 Qxe7 12. Nxd4 Nxe5 13. O-O O-O 14. Qe2 Ng6
15. Nd2 e5 16. Nc6 Qd6 17. Nb4 Nf4 18. Qe3 e4 19. Rad1 a5 20. Nc2 Qg6 21. Qxf4
Bh3 22. Ne3 b4 23. Qh4 Be6 24. f4 f5 25. Qe7 bxc3 26. bxc3 Rac8 27. Rc1 Rf7 28.
Qa3 Ra7 29. Nb3 a4 30. Nd4 Kf7 31. Nb5 Ra6 32. Nd6+ Rxd6 33. Qxd6 Qf6 34. Qb4 h5
35. Qb7+ Kg6 36. Nxd5 Qd8 37. Ne7+ Kh6 38. Nxc8 Bxc8 39. Qc6+ g6 40. Rcd1 Qg8
41. Rd6 h4 42. Qxa4 Qf8 43. Qc6 Qg8 44. Rfd1 e3 45. Kf1 h3 46. gxh3 Bb7 47. Qxb7
Qc4+ 48. R6d3 Qxf4+ 49. Kg1 Qf2+ 50. Kh1 e2 51. Qb1 f4 52. Rg1 f3 53. Qc1+ g5
54. Rd5 Qh4 55. Rdxg5 f2 56. R5g4+ Kh5 57. Rxh4+ Kxh4 58. Qg5+ 1-0

[Event "Challenge"]
[Site "http://www.queenalice.com/game.php?id=1416088"]
[Date "2016.4.1"]
[Round "-"]
[White "masam2014"]
[Black "REIDID93"]
[Result "1-0"]
[WhiteElo "1598"]
[BlackElo "1850"]

1. d4 d5 2. c4 e6 3. e3 c6 4. Nf3 Nf6 5. Be2 Nbd7 6. O-O Be7 7. Nc3 O-O 8. a3
Re8 9. b4 dxc4 10. Bxc4 Nd5 11. Bb2 N7f6 12. Re1 b5 13. Be2 Bf8 14. Qd2 Bd6 15.
Na2 a5 16. bxa5 Rxa5 17. Nc3 b4 18. axb4 1-0

[Event "Challenge"]
[Site "http://www.queenalice.com/game.php?id=1416089"]
[Date "2016.4.1"]
[Round "-"]
[White "REIDID93"]
[Black "masam2014"]
[Result "1-0"]
[WhiteElo "1846"]
[BlackElo "1535"]

1. c4 e5 2. Nc3 Nc6 3. g3 d6 4. Bg2 Bd7 5. e3 Nf6 6. Nge2 Be7 7. O-O O-O 8. d4
exd4 9. Nxd4 Bg4 10. Qb3 Bc8 11. Nxc6 Qd7 12. Nxe7+ Qxe7 13. Bd2 b6 14. Bxa8 1-0

[Event "AUTO-ADV-3618"]
[Site "http://www.queenalice.com/game.php?id=1417231"]
[Date "2016.4.8"]
[Round "1"]
[White "balu"]
[Black "REIDID93"]
[Result "0-1"]
[WhiteElo "1705"]
[BlackElo "1862"]

1. e4 c5 2. Bc4 e6 3. d4 d5 4. exd5 exd5 5. Bb5+ Bd7 6. Bxd7+ Nxd7 7. Nf3 Ngf6
8. Bg5 Be7 9. O-O O-O 10. c3 c4 11. Qe2 Re8 12. Nbd2 Ne4 13. Nxe4 dxe4 14. Bxe7
Qxe7 15. Rfe1 b5 16. Ne5 Nxe5 17. Qxe4 Ng6 18. Qxe7 Rxe7 19. Rxe7 Nxe7 20. Re1
Kf8 21. Re5 a6 22. a3 f6 23. Rc5 Ng6 24. h3 Nf4 25. Rc6 Nd3 26. d5 Nxb2 27. d6
Na4 28. d7 Rd8 29. Rc8 Ke7 30. Ra8 Rxa8 0-1

[Event "AUTO-ADV-3618"]
[Site "http://www.queenalice.com/game.php?id=1417232"]
[Date "2016.4.8"]
[Round "1"]
[White "REIDID93"]
[Black "balu"]
[Result "1-0"]
[WhiteElo "1868"]
[BlackElo "1689"]

1. c4 e5 2. Nc3 Bc5 3. e3 Nc6 4. Nf3 Nf6 5. d4 exd4 6. exd4 Bb4 7. Bd2 O-O 8.
Be2 Re8 9. O-O d5 10. cxd5 Nxd5 11. Nxd5 Bxd2 12. Qxd2 Qxd5 13. b3 Bg4 14. Bc4
Re2 15. Bxd5 Rxd2 16. Nxd2 h6 17. Bxc6 bxc6 18. Rac1 Bd7 19. Nc4 a5 20. Ne5 Be8
21. Nxc6 a4 22. Ne7+ Kf8 23. Rxc7 axb3 24. axb3 g6 25. Re1 Kg7 26. d5 Ra6 27.
Nc6 Ra8 28. d6 1-0

[Event "AUTO-ADV-3618"]
[Site "http://www.queenalice.com/game.php?id=1417247"]
[Date "2016.4.8"]
[Round "1"]
[White "Sepling"]
[Black "REIDID93"]
[Result "1-0"]
[WhiteElo "2035"]
[BlackElo "1855"]

1. e4 c5 2. Bc4 e6 3. Nc3 Nc6 4. d3 Nf6 5. Bb3 Nd4 6. h3 Nxb3 7. cxb3 Qa5 8. Bd2
b5 9. Nd5 Qd8 10. Ne3 d5 11. exd5 Nxd5 12. Nc2 Bb7 13. Nf3 Bd6 14. Qe2 Bf4 15.
Bc3 O-O 16. g3 Bh6 17. Rg1 Nxc3 18. bxc3 Qf6 19. Ne5 Rad8 20. Rd1 Rd5 21. d4
cxd4 22. cxd4 Rfd8 23. Ng4 Qg6 24. f4 f5 25. Nge3 R5d6 26. Qf2 Qf6 27. h4 g6 28.
g4 Bg7 29. Nf1 fxg4 30. Rxg4 Qf5 31. Nfe3 Qe4 32. f5 Qh1+ 33. Rg1 Qe4 34. fxg6
hxg6 35. Rg4 Qc6 36. Rxg6 Qc3+ 37. Qd2 Qxd2+ 38. Rxd2 Kh7 39. Rg4 e5 40. Nf5
R6d7 41. Rxg7+ Rxg7 42. Nxg7 Kxg7 43. dxe5 Re8 44. Rd7+ Kg6 45. Rxb7 Rxe5+ 46.
Kd2 a5 47. Rb6+ Kh5 48. Nd4 b4 49. Rb5 Rxb5 50. Nxb5 Kxh4 51. Nd4 Kg5 52. Nc6
Kf6 53. Nxa5 Ke5 54. Nc6+ 1-0

[Event "AUTO-ADV-3618"]
[Site "http://www.queenalice.com/game.php?id=1417248"]
[Date "2016.4.8"]
[Round "1"]
[White "REIDID93"]
[Black "Sepling"]
[Result "0-1"]
[WhiteElo "1868"]
[BlackElo "1945"]

1. c4 e6 2. Nc3 a6 3. g3 d5 4. cxd5 exd5 5. d4 Be6 6. Bg2 h6 7. Qb3 Nc6 8. Qxb7
Nb4 9. Nxd5 Bxd5 10. Bxd5 Qxd5 11. Qxd5 Nxd5 12. a3 Bd6 13. e4 Nb6 14. e5 Be7
15. f4 f5 16. Nf3 h5 17. h4 Nh6 18. b4 O-O 19. Ng5 Nd5 20. Bd2 g6 21. Rc1 Bxg5
22. hxg5 Ng4 23. Rc5 Rfd8 24. Ke2 Nb6 25. Rxc7 Rxd4 26. Rc6 Re4+ 27. Kf3 Nc4 28.
Bc1 Ncxe5+ 29. Kg2 Nxc6 30. Rd1 Re2+ 31. Kf1 Rae8 32. Bd2 Rf2+ 33. Kg1 Ree2 34.
Bc3 Rg2+ 0-1

[Event "AUTO-ADV-3618"]
[Site "http://www.queenalice.com/game.php?id=1417257"]
[Date "2016.4.8"]
[Round "1"]
[White "pacou93"]
[Black "REIDID93"]
[Result "1-0"]
[WhiteElo "1855"]
[BlackElo "1872"]

1. e4 c5 2. Nf3 d6 3. d4 cxd4 4. Nxd4 Nf6 5. Nc3 a6 6. Be2 e5 7. Nb3 Be6 8. Nd5
Nbd7 9. Bg5 h6 10. Bxf6 Nxf6 11. Nxf6+ Qxf6 12. Na5 b5 13. Nb7 Qe7 14. Na5 Qc7
15. Nb3 f5 16. exf5 Bxf5 17. c3 Be7 18. O-O O-O 19. Rc1 Qb6 20. Bg4 Bg5 21. Ra1
Rad8 22. Bxf5 Rxf5 23. Qd5+ Kh8 24. Rad1 Bh4 25. g3 Be7 26. Nd2 Rf6 27. Ne4 Rf5
28. Kg2 Rdf8 29. Rd2 h5 30. h4 g5 31. hxg5 Bxg5 32. Nxg5 Rxg5 33. Qxd6 Qxd6 34.
Rxd6 a5 35. Rd5 h4 36. Rh1 Kg7 37. Rxh4 Rb8 38. f4 Rf5 39. Rxe5 Rf6 40. Rg5+ Kf7
41. Rh7+ Ke6 42. Re5+ Kd6 43. Rhh5 Kc6 44. Kf3 a4 45. Rc5+ 1-0

[Event "AUTO-ADV-3618"]
[Site "http://www.queenalice.com/game.php?id=1417258"]
[Date "2016.4.8"]
[Round "1"]
[White "REIDID93"]
[Black "pacou93"]
[Result "1-0"]
[WhiteElo "1866"]
[BlackElo "1742"]

1. c4 b6 2. Nc3 Bb7 3. e4 e6 4. Nge2 g6 5. g3 Bg7 6. Bg2 f5 7. d4 d6 8. O-O c5
9. d5 e5 10. f4 Bc8 11. fxe5 Bxe5 12. Bf4 Nd7 13. Bxe5 Nxe5 14. b3 Nf6 15. exf5
Bxf5 16. Nf4 Nfg4 17. Qd2 a6 18. Ne6 Qe7 19. Rae1 Bxe6 20. dxe6 O-O-O 21. Qd5
Rhf8 22. Qa8+ 1-0